[Event "Titled Tue 1st Jul Early"]
[Site "chess.com INT"]
[Date "2025.07.01"]
[Round "7"]
[White "Borges, Wagner da Silva"]
[Black "Sydoryka, Vladyslav"]
[Result "0-1"]
[WhiteTitle "CM"]
[BlackTitle "FM"]
[WhiteElo "2055"]
[BlackElo "2246"]
[WhiteFideId "2100401"]
[BlackFideId "14145928"]
[EventDate "2025.07.01"]

1. d4 Nf6 2. c4 c5 3. d5 b5 4. cxb5 a6 5. bxa6 g6 6. Nc3 Bg7 7. Nf3 O-O 8. h3 e6
9. dxe6 fxe6 10. g3 d5 11. Bg2 Nc6 12. O-O Bxa6 13. Re1 Qe7 14. Bf4 d4 15. Ng5
Rfc8 16. Nce4 e5 17. Bd2 c4 18. Rc1 Nd7 19. h4 h6 20. Nf3 Rab8 21. Rc2 Bb5 22.
Qb1 Rf8 0-1

[Event "Titled Tue 1st Jul Early"]
[Site "chess.com INT"]
[Date "2025.07.01"]
[Round "7"]
[White "Xalmatov, Yakubjon"]
[Black "Fronda, Jan Jodilyn"]
[Result "0-1"]
[WhiteTitle "CM"]
[BlackTitle "WIM"]
[WhiteElo "2096"]
[BlackElo "2115"]
[WhiteFideId "14201615"]
[BlackFideId "5204585"]
[EventDate "2025.07.01"]

1. e4 c5 2. Nf3 d6 3. Bb5+ Nd7 4. c4 a6 5. Ba4 g6 6. O-O Bg7 7. d3 Nf6 8. Nc3
O-O 9. a3 Nb8 10. Rb1 Nc6 11. Bxc6 bxc6 12. b4 cxb4 13. axb4 a5 14. b5 c5 15.
Bd2 Bb7 16. Ra1 e6 17. Ra4 d5 18. Qe2 dxe4 19. Nxe4 Nxe4 20. dxe4 Ra7 21. Qe3
Qa8 22. Re1 Rd8 23. Bc3 Bxc3 24. Qxc3 Bxe4 25. Ne5 Bxg2 26. Ng4 Rd4 27. Qg3 Bf3
28. Ne3 Qe4 29. Qb8+ Kg7 30. Qxa7 Qe5 31. Qe7 Qh5 32. Qc7 e5 33. Ra3 Rg4+ 34.
Kf1 Qh3+ 35. Ng2 Qxg2# 0-1

[Event "Titled Tue 1st Jul Early"]
[Site "chess.com INT"]
[Date "2025.07.01"]
[Round "7"]
[White "Bluebaum, Matthias"]
[Black "Gelman, Alexander"]
[Result "1-0"]
[WhiteTitle "GM"]
[BlackTitle "IM"]
[WhiteElo "2660"]
[BlackElo "2403"]
[WhiteFideId "24651516"]
[BlackFideId "4118316"]
[EventDate "2025.07.01"]

1. d4 Nf6 2. c4 c5 3. d5 b5 4. cxb5 a6 5. bxa6 e6 6. dxe6 fxe6 7. Nc3 Bxa6 8. g3
Nc6 9. Bg2 d5 10. Nh3 Bd6 11. O-O O-O 12. Nf4 Bc8 13. Ncxd5 exd5 14. Nxd5 Ra6
15. Nxf6+ Rxf6 16. Bxc6 Rxc6 17. Qd5+ Kh8 18. Qxc6 Bxg3 19. Bg5 Bd6 20. Bxf6
gxf6 21. Rad1 Qg8+ 22. Kh1 Be5 23. Rg1 Qf8 24. Qxc5 Bb7+ 25. f3 Qa8 26. Rd3 1-0

[Event "Titled Tue 1st Jul Early"]
[Site "chess.com INT"]
[Date "2025.07.01"]
[Round "7"]
[White "Aghaei, Alireza"]
[Black "Lazaro Azcutia, Miguel"]
[Result "0-1"]
[WhiteTitle "CM"]
[BlackTitle "CM"]
[WhiteElo "2204"]
[BlackElo "2275"]
[WhiteFideId "12509914"]
[BlackFideId "54538254"]
[EventDate "2025.07.01"]

1. d4 Nf6 2. Nc3 d6 3. e4 e5 4. Nf3 Nbd7 5. Be3 c6 6. a4 Be7 7. Bc4 O-O 8. O-O
Nxe4 9. Nxe4 d5 10. Nc3 exd4 11. Qxd4 Bf6 12. Qf4 dxc4 13. Qxc4 Ne5 14. Nxe5
Bxe5 15. Rad1 Qf6 16. Ne4 Qg6 17. Bc5 Be6 18. Qd3 Rfe8 19. Ng3 Qxd3 20. Rxd3 Bc4
21. Re3 Bxf1 22. Kxf1 b6 23. Ba3 Bxg3 24. Rxg3 Rad8 25. Rd3 Rxd3 26. cxd3 f6 27.
Bb4 Kf7 28. Bc3 Re6 29. f4 f5 30. Kf2 g6 31. Be5 Ke8 32. d4 Kd7 33. b4 Re8 34.
h4 Ke6 35. Ke3 Kd5 36. Kd3 a5 37. bxa5 bxa5 38. g3 Re7 39. Kc3 Rb7 0-1

[Event "Titled Tue 1st Jul Early"]
[Site "chess.com INT"]
[Date "2025.07.01"]
[Round "7"]
[White "Bok, Benjamin"]
[Black "Onyshchuk, Volodymyr"]
[Result "1-0"]
[WhiteTitle "GM"]
[BlackTitle "GM"]
[WhiteElo "2593"]
[BlackElo "2607"]
[WhiteFideId "1017063"]
[BlackFideId "14114038"]
[EventDate "2025.07.01"]

1. d4 d6 2. Nf3 g6 3. c4 Bg7 4. Nc3 Nc6 5. g3 Nf6 6. Bg2 O-O 7. O-O e5 8. dxe5
dxe5 9. Bg5 h6 10. Qxd8 Rxd8 11. Bxf6 Bxf6 12. Nd5 Bg7 13. Nxc7 Rb8 14. e4 Be6
15. b3 Bf8 16. Rfd1 Bc5 17. Nd5 Kg7 18. h3 a5 19. Rd2 Ra8 20. Rad1 Rd7 21. Nc3
Rxd2 22. Rxd2 Bb4 23. Rd3 a4 24. Nxa4 Bxc4 25. Rd7 b5 26. Nb6 Ra6 27. bxc4 Rxb6
28. Bf1 Nb8 29. Rd5 bxc4 30. Bxc4 Bc3 31. Bb3 Rb7 32. Rc5 Ba1 33. Nxe5 Re7 34.
Nxf7 Rxe4 35. Rc7 Na6 36. Ra7 Re1+ 37. Kg2 Nc5 38. Bc4 Rc1 39. Nd6+ Kf6 40. f4
g5 41. Rf7+ Kg6 42. f5+ Kh5 43. Be2+ 1-0

[Event "Titled Tue 1st Jul Early"]
[Site "chess.com INT"]
[Date "2025.07.01"]
[Round "7"]
[White "Caku, Kler"]
[Black "Sprenar, Petr"]
[Result "0-1"]
[WhiteTitle "WFM"]
[BlackTitle "FM"]
[WhiteElo "2010"]
[BlackElo "2318"]
[WhiteFideId "4704703"]
[BlackFideId "397164"]
[EventDate "2025.07.01"]

1. e4 c5 2. Nf3 e6 3. d4 cxd4 4. Nxd4 Nc6 5. Nc3 Qc7 6. a3 a6 7. Be3 Nf6 8. Bd3
Nxd4 9. Bxd4 Bc5 10. Bxc5 Qxc5 11. O-O b5 12. Qe2 d6 13. Rad1 Bb7 14. h3 O-O 15.
Kh2 Rac8 16. f4 e5 17. f5 Rfe8 18. Rf3 d5 19. Rg3 dxe4 20. Nxe4 Bxe4 21. Bxe4
Nxe4 22. Qxe4 Qxc2 23. Qg4 g6 24. Rd7 Rc7 25. f6 Rxd7 26. Qxd7 Qc8 27. Qd2 Qc5
28. Rg4 e4 29. Rg5 Qc7+ 30. Kh1 e3 31. Qe2 Qf4 32. Rd5 Qf2 33. Qxf2 exf2 34. Rd1
Re1+ 0-1

[Event "Titled Tue 1st Jul Early"]
[Site "chess.com INT"]
[Date "2025.07.01"]
[Round "7"]
[White "Light, Bjarne"]
[Black "Yonal, Timur"]
[Result "0-1"]
[WhiteTitle "CM"]
[BlackTitle "FM"]
[WhiteElo "2227"]
[BlackElo "2090"]
[WhiteFideId "1401360"]
[BlackFideId "44115725"]
[EventDate "2025.07.01"]

1. c4 Nf6 2. Nc3 e6 3. e3 d5 4. Nf3 Bd6 5. Qc2 O-O 6. b3 b6 7. Bb2 a6 8. Be2 Bb7
9. Rg1 Qe7 10. a3 c5 11. cxd5 exd5 12. d4 Nc6 13. Na4 cxd4 14. Nxd4 Nxd4 15.
Bxd4 Rac8 16. Qb2 b5 17. Nc3 b4 18. axb4 Bxb4 19. Kf1 Qd6 20. g3 Rfd8 21. Bf3
Bxc3 22. Bxc3 d4 23. Bxb7 dxc3 24. Qe2 Rb8 25. Bxa6 Rxb3 26. Kg2 Rb2 27. Qc4 Qd2
28. Rgf1 h5 29. Qf4 c2 30. Bc4 Rb4 31. Bxf7+ Kxf7 32. Qf5 Qd5+ 33. Qxd5+ Rxd5
34. Rac1 Rc5 35. Rfe1 Rbc4 36. Re2 Nd5 37. Rd2 Nb4 38. Kf3 Na2 0-1

[Event "Titled Tue 1st Jul Early"]
[Site "chess.com INT"]
[Date "2025.07.01"]
[Round "7"]
[White "Lopez Rayo, Isabella"]
[Black "Purygin, Andrei"]
[Result "1-0"]
[WhiteTitle "WFM"]
[BlackTitle "FM"]
[WhiteElo "1998"]
[BlackElo "2335"]
[WhiteFideId "4452755"]
[BlackFideId "24111180"]
[EventDate "2025.07.01"]

1. e4 e5 2. Nf3 d5 3. Nxe5 Bd6 4. d4 dxe4 5. Nc3 Bxe5 6. dxe5 Qxd1+ 7. Kxd1 Bg4+
8. Be2 Bxe2+ 9. Kxe2 Nc6 10. Nxe4 O-O-O 11. c3 Nxe5 12. Bf4 Nc6 13. Rad1 f6 14.
Rxd8+ Nxd8 15. Rd1 Ne7 16. Nc5 b6 17. Rd7 Nd5 18. Rxd5 bxc5 19. Rxc5 Ne6 20. Rc4
Nxf4+ 21. Rxf4 Re8+ 22. Kd2 c6 23. b4 Kc7 24. f3 a6 25. a4 Re7 26. Re4 Rd7+ 27.
Ke2 Rd8 28. Re7+ Kd6 29. Rxg7 Re8+ 30. Kd2 Kd5 31. Rxh7 Kc4 32. Rh4+ Kb3 33. a5
Rg8 34. g3 f5 35. Rf4 Rd8+ 36. Rd4 Rh8 37. h4 Rg8 38. g4 fxg4 39. fxg4 Rf8 40.
g5 Rf2+ 41. Ke3 Rg2 42. Kf3 Rg1 43. Rg4 Rf1+ 44. Ke2 Rf8 45. g6 Kxc3 46. g7 Re8+
47. Kf2 1-0

[Event "Titled Tue 1st Jul Early"]
[Site "chess.com INT"]
[Date "2025.07.01"]
[Round "7"]
[White "Smirnov, Alexandr A."]
[Black "Iskusnyh, Sergei"]
[Result "0-1"]
[WhiteTitle "FM"]
[BlackTitle "GM"]
[WhiteElo "2136"]
[BlackElo "2440"]
[WhiteFideId "24104396"]
[BlackFideId "4120027"]
[EventDate "2025.07.01"]

1. e4 e6 2. d4 d5 3. Bd3 c5 4. exd5 exd5 5. Nf3 Nf6 6. O-O Nc6 7. Re1+ Be7 8.
dxc5 O-O 9. a3 Bxc5 10. b4 Bb6 11. Bb2 Ne4 12. Re2 Bg4 13. Nbd2 f5 14. c4 dxc4
15. Bxc4+ Kh8 16. Nxe4 fxe4 17. Rxe4 Bxf3 18. Qxd8 Raxd8 19. gxf3 Rxf3 20. Rae1
Rxf2 21. Kh1 h6 22. R1e2 Rxe2 23. Rxe2 Bd4 24. b5 Na5 25. Bxd4 Nxc4 26. Bxa7
Nxa3 27. Re7 Nxb5 28. Rxb7 Rd5 29. Kg2 Kh7 30. Be3 Nd6 31. Rd7 Nf5 0-1

[Event "Titled Tue 1st Jul Early"]
[Site "chess.com INT"]
[Date "2025.07.01"]
[Round "7"]
[White "Yalcinkaya, Efe"]
[Black "Piesik, Piotr"]
[Result "1-0"]
[WhiteTitle "CM"]
[BlackTitle "IM"]
[WhiteElo "2225"]
[BlackElo "2436"]
[WhiteFideId "44506619"]
[BlackFideId "1136194"]
[EventDate "2025.07.01"]

1. d4 c5 2. c3 Nf6 3. Nf3 e6 4. Bg5 h6 5. Bh4 b6 6. e3 Bb7 7. Nbd2 Be7 8. h3 d6
9. Bd3 Nbd7 10. O-O Qc7 11. Qc2 a6 12. Bg3 b5 13. a4 c4 14. Be2 O-O 15. Rfe1 Bc6
16. e4 Qb7 17. Bf1 Rfe8 18. Bh2 Nb6 19. a5 Nbd7 20. Re3 Rac8 21. g4 Nh7 22. Bg2
Ng5 23. Ne1 Qa8 24. f4 Nh7 25. Nef3 g5 26. d5 exd5 27. Nd4 gxf4 28. Bxf4 Bg5 29.
Rf1 dxe4 30. Nxc6 Qxc6 31. Bxe4 Rxe4 32. Qxe4 d5 33. Qf5 Ndf6 34. Nf3 Ne4 35.
Nd4 Qg6 36. Qxc8+ 1-0

[Event "Titled Tue 1st Jul Early"]
[Site "chess.com INT"]
[Date "2025.07.01"]
[Round "7"]
[White "Jaskolka, Tomasz"]
[Black "Mikhailova, Irina"]
[Result "1-0"]
[WhiteTitle "CM"]
[BlackTitle "WGM"]
[WhiteElo "2194"]
[BlackElo "2143"]
[WhiteFideId "1170791"]
[BlackFideId "4109040"]
[EventDate "2025.07.01"]

1. e4 c5 2. Nf3 Nc6 3. b4 cxb4 4. d4 d6 5. a3 bxa3 6. c3 Nf6 7. Bd3 g6 8. Nxa3
Bg7 9. h4 O-O 10. Nc4 d5 11. exd5 Nxd5 12. Bd2 Bg4 13. h5 e5 14. Ncxe5 Nxe5 15.
dxe5 Bxe5 16. hxg6 hxg6 17. Qa4 Bxf3 18. gxf3 Bxc3 19. Bxc3 Nxc3 20. Qc2 Qf6 21.
Kf1 Rac8 22. Ra5 b5 23. Qd2 b4 24. Ra6 Qxf3 25. Rh8+ Kxh8 26. Qh6+ Kg8 27. Rxg6+
fxg6 28. Qxg6+ Kh8 29. Qh7# 1-0

[Event "Titled Tue 1st Jul Early"]
[Site "chess.com INT"]
[Date "2025.07.01"]
[Round "7"]
[White "Arya G Mallar"]
[Black "Harriott, Tyrell"]
[Result "0-1"]
[WhiteTitle "WCM"]
[WhiteElo "2000"]
[BlackElo "1933"]
[WhiteFideId "25115324"]
[BlackFideId "2086484"]
[EventDate "2025.07.01"]

1. d4 e6 2. c4 d5 3. Nf3 c6 4. g3 Bd6 5. Bg2 f5 6. O-O Nf6 7. Nc3 O-O 8. Bf4
Bxf4 9. gxf4 Nbd7 10. Kh1 Ne4 11. Ne5 Qh4 12. Nxe4 fxe4 13. e3 Nxe5 14. dxe5 g5
15. Rg1 Kh8 16. f3 gxf4 17. fxe4 fxe3 18. exd5 exd5 19. cxd5 cxd5 20. Qxd5 Bg4
21. Be4 Rf2 22. Rg2 Raf8 23. Rag1 e2 24. e6 Rxg2 25. Bxg2 e1=Q 26. Qd4+ Rf6 27.
e7 Qxe7 28. Bd5 Bf3+ 0-1

[Event "Titled Tue 1st Jul Early"]
[Site "chess.com INT"]
[Date "2025.07.01"]
[Round "7"]
[White "Pournami S"]
[Black "Khoo-Thwe, Louis"]
[Result "0-1"]
[WhiteTitle "WCM"]
[BlackTitle "CM"]
[WhiteElo "1730"]
[BlackElo "2232"]
[WhiteFideId "25732439"]
[BlackFideId "1538756"]
[EventDate "2025.07.01"]

1. d4 d5 2. c4 dxc4 3. e3 Nf6 4. Bxc4 e6 5. Nc3 c5 6. Nf3 a6 7. a4 Nc6 8. O-O
Be7 9. d5 exd5 10. Nxd5 O-O 11. Re1 Bg4 12. h3 Bh5 13. Nxe7+ Qxe7 14. Be2 Rfd8
15. Qb3 Nb4 16. Nh2 Bg6 17. Bd1 Rxd1 18. Qxd1 Nc2 19. Bd2 Rd8 20. Qc1 Nxa1 21.
Ba5 b6 22. Bxb6 Rb8 23. Bxc5 Qc7 24. Qxa1 Qxc5 25. Rc1 Qb4 26. b3 h6 27. Qe5
Qxb3 28. a5 Rb5 29. Qd4 Qd5 30. Qa7 Rxa5 31. Nf3 Ra2 32. Qb8+ Kh7 33. Rc8 Be4
34. Rh8+ Kg6 35. Nh4+ Kh5 36. Qg3 Qg5 37. Qxg5+ Kxg5 38. Nf3+ Bxf3 39. gxf3 a5 0-1

[Event "Titled Tue 1st Jul Early"]
[Site "chess.com INT"]
[Date "2025.07.01"]
[Round "7"]
[White "Esipenko, Andrey"]
[Black "Bortnyk, Olexandr"]
[Result "1-0"]
[WhiteTitle "GM"]
[BlackTitle "GM"]
[WhiteElo "2679"]
[BlackElo "2601"]
[WhiteFideId "24175439"]
[BlackFideId "14120828"]
[EventDate "2025.07.01"]

1. d4 d6 2. Nf3 Nf6 3. g3 g6 4. Bg2 Bg7 5. O-O O-O 6. Nc3 Nbd7 7. a4 a5 8. e4 e5
9. h3 b6 10. Re1 Ba6 11. b3 Re8 12. Bb2 Qc8 13. Qd2 Qb7 14. Rad1 Rad8 15. d5 Nc5
16. Bf1 Bxf1 17. Kxf1 c6 18. dxc6 Qxc6 19. Qe2 d5 20. exd5 Nxd5 21. Nxd5 Rxd5
22. Rxd5 Qxd5 23. Rd1 Qc6 24. Kg1 e4 25. Nd4 Qd7 26. Kg2 Rd8 27. Qe3 Qd5 28. Bc3
Qh5 29. Rd2 Bh6 30. Nf5 Qf3+ 31. Kh2 Rxd2 32. Nxh6+ Kf8 33. Qxd2 Ne6 34. Be5 1-0

[Event "Titled Tue 1st Jul Early"]
[Site "chess.com INT"]
[Date "2025.07.01"]
[Round "7"]
[White "Venskaya, Nika"]
[Black "Gazineu Neto, Rubens"]
[Result "1-0"]
[WhiteTitle "WCM"]
[WhiteElo "1926"]
[BlackElo "1960"]
[WhiteFideId "13523503"]
[BlackFideId "2174685"]
[EventDate "2025.07.01"]

1. d4 d5 2. Nf3 Nf6 3. g3 e6 4. Bg2 c5 5. O-O Nc6 6. c4 dxc4 7. dxc5 Qxd1 8.
Rxd1 Bxc5 9. Nbd2 c3 10. bxc3 O-O 11. Nb3 Bb6 12. c4 Ne4 13. e3 a5 14. Nfd4 Nxd4
15. exd4 a4 16. Bxe4 axb3 17. a3 Rd8 18. Bb2 Ra4 19. Rac1 f6 20. Rd3 h6 21. c5
Ba7 22. Rxb3 f5 23. Bxb7 Bxb7 24. Rxb7 Rb8 25. c6 Rc8 26. d5 exd5 27. Rxg7+ Kf8
28. Rh7 1-0

[Event "Titled Tue 1st Jul Early"]
[Site "chess.com INT"]
[Date "2025.07.01"]
[Round "7"]
[White "Indjic, Aleksandar"]
[Black "Lazavik, Denis"]
[Result "0-1"]
[WhiteTitle "GM"]
[BlackTitle "GM"]
[WhiteElo "2661"]
[BlackElo "2580"]
[WhiteFideId "911925"]
[BlackFideId "13515110"]
[EventDate "2025.07.01"]

1. d4 Nf6 2. c4 g6 3. Nc3 Bg7 4. e4 d6 5. Nf3 O-O 6. Bd3 Nc6 7. d5 Nb4 8. Bb1 a5
9. a3 Na6 10. O-O Nc5 11. Bc2 e6 12. h3 exd5 13. exd5 Nfd7 14. Rb1 Nb6 15. Bg5
f6 16. Bh4 Nxc4 17. b4 Na6 18. b5 Nc5 19. Bb3 Nb6 20. Nd4 g5 21. Bg3 f5 22. f4
Qf6 23. Nce2 g4 24. Ba2 Qg6 25. Kh2 Bd7 26. Rc1 Rae8 27. Bf2 Kh8 28. Ng3 h5 29.
Nge2 Re4 30. Rh1 Rfe8 31. hxg4 Qxg4 32. Ng3 Rxf4 33. Qxg4 fxg4 34. Nxh5 Rxf2 35.
Kg3 Bxd4 36. Bb1 Kg8 37. Rcd1 Be3 38. Bg6 Re5 0-1

[Event "Titled Tue 1st Jul Early"]
[Site "chess.com INT"]
[Date "2025.07.01"]
[Round "7"]
[White "Perossa, Nicolas"]
[Black "Starozhilov, Leonid"]
[Result "0-1"]
[WhiteTitle "FM"]
[BlackTitle "FM"]
[WhiteElo "2253"]
[BlackElo "2240"]
[WhiteFideId "2850520"]
[BlackFideId "14106752"]
[EventDate "2025.07.01"]

1. e4 c5 2. d4 cxd4 3. Qxd4 Nc6 4. Qd3 d6 5. Nc3 g6 6. Nf3 Bg7 7. Be2 Bg4 8. O-O
Nf6 9. Nd5 O-O 10. c3 e6 11. Nxf6+ Bxf6 12. Rd1 Bxf3 13. Qxf3 Ne5 14. Qe3 Be7
15. f4 Nd7 16. Qh3 Qb6+ 17. Qe3 d5 18. Qxb6 Nxb6 19. Bf3 dxe4 20. Bxe4 Bc5+ 21.
Kf1 Rad8 22. Ke2 Rxd1 23. Kxd1 Rd8+ 24. Ke2 Rd7 25. b3 Nd5 26. Bxd5 exd5 0-1

[Event "Titled Tue 1st Jul Early"]
[Site "chess.com INT"]
[Date "2025.07.01"]
[Round "7"]
[White "Garde, Guillaume"]
[Black "Yatskar, Martin"]
[Result "1-0"]
[WhiteTitle "CM"]
[BlackTitle "CM"]
[WhiteElo "2196"]
[BlackElo "2225"]
[WhiteFideId "45138273"]
[BlackFideId "34109676"]
[EventDate "2025.07.01"]

1. d4 d5 2. Nf3 c5 3. c4 e6 4. cxd5 exd5 5. Nc3 Nf6 6. Bg5 Be6 7. e3 c4 8. Be2
Bb4 9. O-O Nbd7 10. a3 Bxc3 11. bxc3 O-O 12. Rb1 Qc8 13. Nd2 a6 14. Bf3 b5 15.
e4 h6 16. Bf4 Ra7 17. Bd6 Re8 18. e5 Nh7 19. Be2 Bf5 20. Rb2 f6 21. f4 Nb6 22.
Bc5 Na4 23. Bxa7 Nxb2 24. Qe1 Nd3 25. Qg3 Kh8 26. Bxd3 Bxd3 27. Re1 Qc7 28. Bc5
Qa5 29. Bb4 Qa4 30. exf6 Rxe1+ 31. Qxe1 Nxf6 32. Be7 Ne4 33. Nxe4 dxe4 34. d5 b4
35. axb4 Qd7 36. d6 Kh7 37. Qe3 Qg4 38. h3 Qe6 39. Kf2 Kg8 40. Qd4 Kf7 41. d7
e3+ 42. Ke1 Qc6 43. d8=N+ Kxe7 44. Nxc6+ Kf7 45. Qxe3 Kg6 46. Qe6+ Kh5 47. Qg4# 1-0

[Event "Titled Tue 1st Jul Early"]
[Site "chess.com INT"]
[Date "2025.07.01"]
[Round "7"]
[White "Lacasa Diaz, Josep Anton"]
[Black "Babayeva, Nasrin"]
[Result "0-1"]
[WhiteTitle "IM"]
[BlackTitle "WFM"]
[WhiteElo "2315"]
[BlackElo "1936"]
[WhiteFideId "2203375"]
[BlackFideId "13416626"]
[EventDate "2025.07.01"]

1. e4 e5 2. Nf3 Nc6 3. Bb5 Nge7 4. Nc3 g6 5. d4 exd4 6. Nd5 Bg7 7. Bg5 h6 8. Bf6
Bxf6 9. Nxf6+ Kf8 10. Nxd4 Nf5 11. exf5 Qxf6 12. fxg6 fxg6 13. Bxc6 dxc6 14. O-O
Rh7 15. c3 Rd7 16. Qc1 Kg7 17. Re1 Re7 18. Rxe7+ Qxe7 19. Qd2 Bd7 20. Re1 Qf6
21. Nf3 Bg4 22. Re3 Rd8 23. Qe1 Rd7 24. h3 Bxf3 25. Rxf3 Qe7 26. Re3 Qf7 27. Re8
Rd1 28. Qxd1 Qxe8 29. g3 b6 30. h4 Qe6 31. Qd4+ Kh7 32. a3 Qd5 33. Qe3 Qd1+ 34.
Kh2 Qd6 35. Qe4 Kg7 36. Kg2 Qd5 37. Qxd5 cxd5 38. Kf3 Kf6 39. Ke3 c5 40. f3 Ke5
41. g4 d4+ 42. Ke2 Kf4 43. h5 g5 44. cxd4 cxd4 45. Kd3 Kxf3 46. Kxd4 Kxg4 47.
Kd5 Kxh5 48. Kc6 g4 49. Kb7 g3 50. Kxa7 g2 0-1

[Event "Titled Tue 1st Jul Early"]
[Site "chess.com INT"]
[Date "2025.07.01"]
[Round "7"]
[White "Shimanov, Aleksandr"]
[Black "Panda, Sambit"]
[Result "1-0"]
[WhiteTitle "GM"]
[BlackTitle "IM"]
[WhiteElo "2578"]
[BlackElo "2379"]
[WhiteFideId "4198603"]
[BlackFideId "25091794"]
[EventDate "2025.07.01"]

1. d4 Nf6 2. Nc3 d5 3. Bf4 e6 4. Nb5 Bb4+ 5. c3 Ba5 6. a4 a6 7. b4 axb5 8. axb5
Ne4 9. bxa5 Nxc3 10. Qb3 Ne4 11. Nf3 c5 12. dxc5 Rxa5 13. Rc1 Nd7 14. c6 Ndc5
15. Qb2 O-O 16. e3 f6 17. Bb8 e5 18. Be2 Qb6 19. c7 Bd7 20. O-O Bxb5 21. Rb1 Na4
22. Qc2 Nac3 23. Bd3 Qc6 24. Rbc1 Bxd3 25. Qxd3 Rc5 26. Ra1 b5 27. Nh4 g6 28. f4
exf4 29. Nf3 fxe3 30. Qxe3 1-0

[Event "Titled Tue 1st Jul Early"]
[Site "chess.com INT"]
[Date "2025.07.01"]
[Round "7"]
[White "Fedorov, Artem Alek"]
[Black "Petersen, Marcel"]
[Result "0-1"]
[WhiteTitle "CM"]
[BlackTitle "CM"]
[WhiteElo "2157"]
[BlackElo "2236"]
[WhiteFideId "34418431"]
[BlackFideId "12935670"]
[EventDate "2025.07.01"]

1. e4 g6 2. d4 Bg7 3. Nc3 c6 4. h3 d5 5. e5 c5 6. Nf3 Nc6 7. dxc5 d4 8. Ne4 Qd5
9. Bd3 Nxe5 10. Nxe5 Bxe5 11. Qe2 Nf6 12. f4 Bf5 13. fxe5 Nxe4 14. Bf4 O-O 15.
O-O-O Nxc5 16. Bxf5 gxf5 17. Qh5 Qxa2 18. Bh6 Ne4 19. c4 Rfc8 20. Rxd4 Qa1+ 21.
Kc2 Qxh1 22. Rxe4 Qxg2+ 23. Re2 Qg6 24. Qh4 b5 25. b3 bxc4 26. bxc4 Kh8 27. Bd2
f4+ 28. Kc1 Rxc4+ 29. Kd1 Qb1+ 0-1

[Event "Titled Tue 1st Jul Early"]
[Site "chess.com INT"]
[Date "2025.07.01"]
[Round "7"]
[White "Demchenko, Yaroslav"]
[Black "Gardezi, Arsal"]
[Result "1-0"]
[WhiteTitle "CM"]
[WhiteElo "2217"]
[BlackElo "2084"]
[WhiteFideId "14186667"]
[BlackFideId "30949521"]
[EventDate "2025.07.01"]

1. Nf3 Nf6 2. b3 g6 3. Bb2 Bg7 4. d4 d5 5. e3 O-O 6. Bd3 Nbd7 7. O-O c5 8. Nbd2
Qc7 9. c4 dxc4 10. bxc4 cxd4 11. exd4 e5 12. dxe5 Ng4 13. Ba3 Re8 14. Bd6 Qa5
15. Nb3 Qa4 16. Re1 Ndxe5 17. Nxe5 Nxe5 18. Bxe5 Rxe5 19. Qd2 Be6 20. Rxe5 Bxe5
21. Re1 Bg7 22. Nc5 Qc6 23. Nxe6 fxe6 24. Qe3 e5 25. h4 Kh8 26. Qh3 Re8 27. Re4
h5 28. Qg3 Rd8 29. Re3 Kh7 30. Be4 Qxc4 31. Qxg6+ Kg8 32. Rf3 Qc1+ 33. Kh2 Qh6
34. Qf7+ Kh8 35. Rg3 1-0

[Event "Titled Tue 1st Jul Early"]
[Site "chess.com INT"]
[Date "2025.07.01"]
[Round "7"]
[White "Vifleemskaia, Svetlana"]
[Black "Dyulgerov, Volen"]
[Result "0-1"]
[WhiteTitle "WFM"]
[BlackTitle "CM"]
[WhiteElo "1942"]
[BlackElo "2181"]
[WhiteFideId "4129490"]
[BlackFideId "2918978"]
[EventDate "2025.07.01"]

1. d4 e5 2. dxe5 d6 3. e4 Nc6 4. f4 Qe7 5. Nc3 dxe5 6. Nd5 Qd6 7. f5 Nf6 8. Bc4
Nxe4 9. Qf3 Nd4 10. Qxe4 Bxf5 11. Nxc7+ Qxc7 12. Bb5+ Kd8 13. Qd5+ Bd6 14. Ba4
Be6 15. Qe4 Qa5+ 16. c3 Qxa4 17. cxd4 Bb4+ 18. Bd2 Bxd2+ 19. Kxd2 Qb4+ 20. Ke3
Qxb2 21. Nf3 Ke7 22. Nxe5 Rhd8 23. Nd3 Qa3 0-1

[Event "Titled Tue 1st Jul Early"]
[Site "chess.com INT"]
[Date "2025.07.01"]
[Round "7"]
[White "Negrean, Andrei"]
[Black "Marchesich, Giovanni"]
[Result "0-1"]
[WhiteTitle "FM"]
[BlackTitle "CM"]
[WhiteElo "2352"]
[BlackElo "2189"]
[WhiteFideId "1291513"]
[BlackFideId "2824790"]
[EventDate "2025.07.01"]

1. e4 d5 2. exd5 Qxd5 3. Nf3 Bg4 4. Be2 Nc6 5. h3 Bxf3 6. Bxf3 Qd7 7. O-O O-O-O
8. Nc3 Nf6 9. d3 e5 10. Be3 Nd4 11. Bxd4 exd4 12. Ne4 Nxe4 13. Bxe4 f5 14. Bf3
Bd6 15. c3 g5 16. cxd4 h5 17. Qb3 c6 18. d5 c5 19. d4 cxd4 20. Rac1+ Kb8 21. Be2
Bc7 22. Rfd1 Qd6 23. g3 h4 24. Rxd4 hxg3 25. Rb4 gxf2+ 26. Kf1 Bb6 27. Rxb6 Qxb6
28. Qxb6 axb6 29. Kxf2 Rxh3 30. Rg1 Rh2+ 31. Kf3 g4+ 32. Ke3 Re8+ 33. Kf4 Rhxe2
34. Kxf5 R2e5+ 35. Kf6 Rxd5 36. Rxg4 Red8 37. a4 Kc7 38. Rc4+ Rc5 39. Rb4 Rd6+
40. Ke7 Re5+ 41. Kf7 Rd2 42. b3 Rf2+ 43. Kg6 Re1 44. Rc4+ Kd6 45. Rd4+ Ke5 46.
Rg4 Ree2 47. Rg5+ Ke6 48. Rb5 Rg2+ 49. Kh5 Re5+ 50. Kh4 Rxb5 51. axb5 Rb2 52.
Kg4 Rxb3 53. Kf4 Rxb5 54. Ke4 Rd5 55. Ke3 Rd8 56. Ke4 b5 57. Ke3 b4 58. Ke4 b3
59. Ke3 b2 60. Ke2 b1=R 61. Ke3 Rb6 62. Kf2 Rbd6 63. Ke2 b6 0-1

[Event "Titled Tue 1st Jul Early"]
[Site "chess.com INT"]
[Date "2025.07.01"]
[Round "7"]
[White "Porozhnyak, Maya"]
[Black "Dighton, Simon"]
[Result "0-1"]
[WhiteTitle "WCM"]
[BlackTitle "CM"]
[WhiteElo "1953"]
[BlackElo "2237"]
[WhiteFideId "34115843"]
[BlackFideId "408603"]
[EventDate "2025.07.01"]

1. e4 c5 2. Nf3 d6 3. d4 cxd4 4. c3 dxc3 5. Nxc3 Nc6 6. Bc4 a6 7. O-O Nf6 8. h3
e6 9. Qe2 Be7 10. Rd1 Qc7 11. Bf4 Ne5 12. Bb3 O-O 13. Rac1 Qb8 14. a4 Bd7 15.
Bg5 Bc6 16. Nd4 Rc8 17. f4 Ned7 18. Nxe6 fxe6 19. Bxe6+ Kh8 20. Nd5 Bd8 21. b3
b5 22. a5 Bxd5 23. exd5 Rxc1 24. Rxc1 Nc5 25. Bf5 Bxa5 26. Bxf6 gxf6 27. b4 Bxb4
28. Qb2 Qf8 29. Qxb4 Re8 30. Kh2 Qe7 31. Qa3 Qe3 32. Qb2 Qxf4+ 33. Kh1 Qxf5 34.
Qa2 Qf4 0-1